Introduction to Spectroscopy (Record no. 13206)

MARC details
000 -LEADER
fixed length control field 00483nam a22002057a 4500
003 - CONTROL NUMBER IDENTIFIER
control field OSt
008 - FIXED-LENGTH DATA ELEMENTS--GENERAL INFORMATION
fixed length control field 250402b |||||||| |||| 00| 0 eng d
020 ## - INTERNATIONAL STANDARD BOOK NUMBER
International Standard Book Number 9788131529164
082 ## - DEWEY DECIMAL CLASSIFICATION NUMBER
Classification number 543 PAI
100 ## - MAIN ENTRY--PERSONAL NAME
Personal name PAVIA,Donald L
245 ## - TITLE STATEMENT
Title Introduction to Spectroscopy
250 ## - EDITION STATEMENT
Edition statement 5th Ed
260 ## - PUBLICATION, DISTRIBUTION, ETC. (IMPRINT)
Place of publication, distribution, etc New Delhi
Name of publisher, distributor, etc Cengage
Date of publication, distribution, etc 2024
300 ## - PHYSICAL DESCRIPTION
Extent 732
650 ## - SUBJECT ADDED ENTRY--TOPICAL TERM
Topical term or geographic name as entry element Spectroscopy
700 ## - ADDED ENTRY--PERSONAL NAME
Personal name LAMPMAN,Gary M
700 ## - ADDED ENTRY--PERSONAL NAME
Personal name KRIZ,George S
700 ## - ADDED ENTRY--PERSONAL NAME
Personal name VYVYAN,James R
942 ## - ADDED ENTRY ELEMENTS (KOHA)
Source of classification or shelving scheme Dewey Decimal Classification
Koha item type Text Books
Holdings
Withdrawn status Lost status Source of classification or shelving scheme Damaged status Not for loan Collection code Home library Current library Date acquired Source of acquisition Currency Cost, normal purchase price Bill Number Total Checkouts Full call number Acc. no. / Barcode Date last seen Actual Cost, discounted price Bill Date Koha item type
    Dewey Decimal Classification     Applied Sc. PIET C-LIBRARY PIET C-LIBRARY 28/03/2025 Zaffa Books INR 995.00 ZBD0586   543 PAI 38944 02/04/2025 716.40 28/03/2025 Reference Books
    Dewey Decimal Classification     Applied Sc. PIET C-LIBRARY PIET C-LIBRARY 28/03/2025 Zaffa Books INR 995.00 ZBD0586   543 PAI 38945 02/04/2025 716.40 28/03/2025 Text Books
    Dewey Decimal Classification     Applied Sc. PIET C-LIBRARY PIET C-LIBRARY 28/03/2025 Zaffa Books INR 995.00 ZBD0586   543 PAI 38946 02/04/2025 716.40 28/03/2025 Text Books
    Dewey Decimal Classification     Applied Sc. PIET C-LIBRARY PIET C-LIBRARY 28/03/2025 Zaffa Books INR 995.00 ZBD0586   543 PAI 38947 02/04/2025 716.40 28/03/2025 Text Books
    Dewey Decimal Classification     Applied Sc. PIET C-LIBRARY PIET C-LIBRARY 28/03/2025 Zaffa Books INR 995.00 ZBD0586   543 PAI 38948 02/04/2025 716.40 28/03/2025 Text Books

Design & Developed by: PIET Central Library
R70 Miles Stone Pattikalyana Samalkha Panipat 132102
mail ID :- [email protected], Phone No:- 0180-2569700 Ex.216